01113 2200253 4500001002100000005001500021035002000036007000300056008004100059020002200100082001100122084001700133100003000150245006500180250002200245300003800267650002100305700003000326520037900356264003900735336003200774337003000806338002300836INLIS00000000127297920251114013522 a0010-1125000025ta251114 d j ind  a978-602-175-597-6 a791.43 a791.43 ERN n0 aErnest PrakasaePengarang1 aNgenest :bKadang Hidup Perlu Ditertawakan /cErnest Prakasa acetakan kedelapan a170 Halaman :bilustrasi ;c14 cm 4aNon Fiksi Komedi0 aErnest PrakasaePengarang aNgenest: Kadang Hidup Perlu Ditertawakan* menceritakan kisah hidup Ernest Prakasa, seorang komika keturunan Tionghoa, dari masa kecil hingga dewasa. Ernest tumbuh dalam lingkungan di mana ia sering menjadi korban perundungan (bullying) karena asal etnisnya. Perlakuan itu membuatnya merasa “alien” di lingkungannya, dan ia berusaha mencari cara agar bisa merasa diterima aJakarta :bGrand Depok City,c2015 2rdacontentaTeks dan Gambar 2rdamediaaTanpa Perantara 2rdacarrieraVolume